000 00515nam a2200169Ia 4500
008 170106s2010||||xx |||||||||||||| ||und||
020 _a9789048197095
082 _a621.39814
_bSIN
100 _aSin,Weng Sai
245 0 _aGeneralised low voltage circuit techniques for very high speed tine interleaved analog to digital converters
260 _aNew York
_bSpringer
_c2010
300 _axvi,134p. ; 24 cm
650 _aElectrical Engineering
700 _aMartins,Rui Paulo
700 _aU,Seng Pan
942 _cBK
999 _c6707
_d6707